00474 2200181 4500001002100000005001500021008004100036020001800077035001900095041000700114082001000121090001600131100001500147245004800162260003300210300001800243650003100261INLIS00000000001689420241224115217241224||||||||| | ||| |||| || |  a979-3034-34-3 0010-1224016894 aid0 a745.5 a745.5 MUR m0 aMurhananto00aMembuat LiLin Motif: lilin Berjuta keunikan aJakartabKawan Pustakac2003 a69hlm;19x23cm 0aMenggambar & Seni dekorasi